书目信息 |
| 题名: |
工程建设安全管理
|
|
| 作者: | 方东平 编著 | |
| 分册: | ||
| 出版信息: | 北京 中国水利水电出版社 2001 |
|
| 页数: | 367页 | |
| 开本: | 26cm | |
| 丛书名: | 土木工程新技术丛书 | |
| 单 册: | ||
| 中图分类: | TU714 | |
| 科图分类: | ||
| 主题词: | 建筑工程--jian zhu gong cheng--安全--管理 | |
| 电子资源: | ||
| ISBN: | 7-5084-0800-4 | |
| 000 | 00955nam 2200253 450 | |
| 001 | 010748834758 | |
| 005 | 20080825123749.39 | |
| 010 | @a7-5084-0800-4@dCNY44.00 | |
| 100 | @a20070124d2001 km y0chiy0120 ea | |
| 101 | 0 | @achi |
| 102 | @aCN@b110000 | |
| 105 | @aa z 000yy | |
| 200 | 1 | @a工程建设安全管理@Agong cheng jian she an quan guan li@f方东平等编著@Ffang dong ping deng bian zhu |
| 210 | @a北京@c中国水利水电出版社@d2001 | |
| 215 | @a367页@c图@d26cm | |
| 225 | 2 | @a土木工程新技术丛书 |
| 304 | @a方东平(1963~),清华大学土木水利学院建设管理系副教授,建筑安全中心主任。编著《工程建设安全管理》。 | |
| 330 | @a本书既介绍了各主要发达国家的情况和有关建筑安全的基本理论和研究进展,也介绍了大量国内外先进的安全管理的理念和管理方法。 | |
| 410 | 0 | @12001 @a土木工程新技术丛书 |
| 606 | 0 | @a建筑工程@Ajian zhu gong cheng@x安全@x管理 |
| 690 | @aTU714@v4 | |
| 701 | 0 | @a方东平@Afang dong ping@4编著 |
| 801 | 0 | @aCN@c20080825 |
| 905 | @dTU714@eF1901 | |
| 工程建设安全管理/方东平等编著.-北京:中国水利水电出版社,2001 |
| 367页:图;26cm.-(土木工程新技术丛书) |
| ISBN 7-5084-0800-4:CNY44.00 |
| 本书既介绍了各主要发达国家的情况和有关建筑安全的基本理论和研究进展,也介绍了大量国内外先进的安全管理的理念和管理方法。 |
| ● |
| 相关链接 |
|
|
|
正题名:工程建设安全管理
索取号:TU714/F1901
 
预约/预借
| 序号 | 登录号 | 条形码 | 馆藏地/架位号 | 状态 | 备注 |
| 1 | 714404 | 207144044 | 建筑库201/101建筑库 56排5列3层/ [索取号:TU714/F1901] | 在馆 | |
| 2 | 714405 | 207144053 | 建筑库201/201建筑库 25排3列2层/ [索取号:TU714/F1901] | 在馆 |